| 000 | 00640nam a2200193 a 4500 | ||
|---|---|---|---|
| 001 | 000019950 | ||
| 005 | 20200929170213.0 | ||
| 008 | 100709s1987 cu r 000 p spa d | ||
| 040 |
_aDO-SdBNP _bspa _cBNPHU |
||
| 082 |
_aPR861.44 _bL793s |
||
| 245 | 0 | 0 |
_aLluvia sobre la isla : _bpoesía puertorriqueña / _cselección Mayuli Morales Faedo ; edición Clara Hernández. |
| 260 |
_aLa Habana : _bCasa de las Américas, _c1987. |
||
| 300 |
_a36 p. ; _c23 cm. |
||
| 650 | 4 |
_aPoesía española _9631 |
|
| 650 | 4 |
_aLiteratura española _9632 |
|
| 700 | 1 |
_aMorales Faedo, Mayuli _942542 |
|
| 700 | 1 |
_aHernández, Clara, _eed. _94129 |
|
| 049 | _aBNGR | ||
| 999 |
_c19463 _d19463 |
||